World Capitals Containing F - Statistics

General Stats
  • This quiz has been taken 1,012 times
  • The average score is 4 of 6
Answer Stats
capital % Correct
Funafuti
89%
Freetown
80%
Nuku'alofa
62%
Sofia
56%
Bloemfontein
51%
Port-of-Spain
42%
No matching quizzes found
Score Distribution
Percent of People with Each Score
Percentile by Number Answered
Your Score History
You have not taken this quiz